000 00790nam a2200253 a 4500
001 43200
003 BD-RjUL
005 20211209053648.0
008 116112s1969 enk 000 0 eng d
020 _z080063764
035 _a(BD-RjUL)43318
040 _aBD-RjUL
_beng
_cBD-RjUL
041 _aeng
082 _223
_a370.114
_bWAT 1969
100 1 _aWard, Lionel O
_9132678
245 1 0 _aTeaching moral values /
_cLionel Ward
260 _aOxford :
_bReligious Education Press,
_c1969
300 _a66 p. ;
_c18 cm
490 1 _aMan and religion series, pt. 7 : Christianity and our culture
650 0 _aValues
_xStudy and teaching
_9132679
650 0 _aMoral education.
_9128599
830 0 _aMan and religion series, pt. 7 : Christianity and our culture
_9167671
942 _2ddc
_cBK
999 _c43200
_d43200